Perspectives [videorecording] : (Record no. 6718)
[ view plain ]
| 000 -LEADER | |
|---|---|
| fixed length control field | 01010nam a2200169 4500 |
| 008 - FIXED-LENGTH DATA ELEMENTS--GENERAL INFORMATION | |
| fixed length control field | 020509s1993 us eng |
| 090 ## - LOCALLY ASSIGNED LC-TYPE CALL NUMBER (OCLC); LOCAL CALL NUMBER (OCLC) | |
| Classification number (OCLC) (R) ; Classification number, CALL (RLIN) (NR) | 370 |
| Local cutter number (OCLC) ; Book number/undivided call number, CALL (RLIN) | P43 |
| 245 10 - TITLE STATEMENT | |
| Title | Perspectives [videorecording] : |
| Remainder of title | Judeo-Christian view of education issues / |
| Statement of responsibility, etc | Contemporary Economic and Business Administration. |
| 260 ## - PUBLICATION, DISTRIBUTION, ETC. (IMPRINT) | |
| Place of publication, distribution, etc | Lynchburg, VA : |
| Name of publisher, distributor, etc | CEBA, |
| Date of publication, distribution, etc | c1993. |
| 300 ## - PHYSICAL DESCRIPTION | |
| Extent | 7 videocassettes (50 mins. each) : |
| Other physical details | sd., col. |
| 500 ## - GENERAL NOTE | |
| General note | VHS [original] |
| 505 0# - FORMATTED CONTENTS NOTE | |
| Formatted contents note | Part I - Parental choice and values; Part II - The three "Cs" of education: content, character and choice; Part III - Parental choice, The "how-to" solution; Part IV - From pre-school to a doctorate; Part V - What is wrong with higher education?; Part IV - School choice, A nation's character; Part VII - The sad state of public education |
| 650 #4 - SUBJECT ADDED ENTRY--TOPICAL TERM | |
| Topical term or geographic name as entry element | Education |
| General subdivision | Biblical teaching. |
| 650 #4 - SUBJECT ADDED ENTRY--TOPICAL TERM | |
| Topical term or geographic name as entry element | Education |
| General subdivision | Religous aspects |
| -- | Christianity. |
| 710 22 - ADDED ENTRY--CORPORATE NAME | |
| Corporate name or jurisdiction name as entry element | Contemporary Economic and Business Administration. |
| 951 ## - EQUIVALENCE OR CROSS-REFERENCE-GEOGRAPHIC NAME/AREA NAME [OBSOLETE] [CAN/MARC only] | |
| -- | V-1016 |
| -- | 370/P43-3 |
| -- | 070613111105312 |
| -- | 2000-12-21 |
| -- | VT |
| Withdrawn status | Lost status | Damaged status | Not for loan | Home library | Current library | Shelving location | Date acquired | Accession number | Shelving control number | Total Checkouts | Full call number | Date last seen | Price effective from | Koha item type |
|---|---|---|---|---|---|---|---|---|---|---|---|---|---|---|
| BSOP Library | BSOP Library | Video Tapes | 12/21/2000 | V-1016 | 127 | 370/P43-3 | 02/23/2013 | 02/23/2013 | Books |
